[Event "2023 Excelsior Anniversary"]
[Site "?"]
[Date "2024.01.28"]
[Round "5"]
[White "Preotu, Razvan"]
[Black "Findlay, Ian"]
[Result "1-0"]
[WhiteElo "2534"]
[BlackElo "2249"]
[Annotator "Razvan Preotu"]
[PlyCount "61"]
[SourceVersionDate "2024.01.27"]

{Going into the final round I was tied with FM Ian Findlay for 1st place
on 3.5/4. Our previous game was in the 2023 Labour Day Open where it was a
Dragon Sicillian. I won the game, but expected my opponent to have an
improvement ready if I played the same line again, so I decided to surprise
him by playing the Reti.} 1. Nf3 Nf6 2. g3 d5 3. Bg2 c5 4. O-O Nc6 5. d4 {
[#] White is playing a reversed Grunfeld, one of the best openings to have an
extra move in.} Qb6 {I saw that Ian played this in his round 2 game against
David Filipovich and so I was able to prepare against it before the game. I
find this idea to be very risky, as Black will be moving the queen many times
in the opening.} (5... e6 {Is most solid} 6. c4 {transposes to the Catalan.}) (
5... cxd4 6. Nxd4 {followed by c4 and White has an amazing Grunfeld, being an
extra move up.}) 6. dxc5 Qxc5 {Black's idea is to play ...e5.} 7. Be3 {[#]
White develops with tempo and intends c4 to challenge the center. Black's
position is dangerous because of White's superior development} (7. Nc3 {
is how the round 2 game against David Filipovich went, where the result was a
draw.}) 7... Qa5 (7... Qb4 {Playing against c4} 8. Nc3 e6 9. a3 Qa5 10. b4 Qd8
11. Nb5 $36 {Followed by c4 and White has the initiative.}) (7... Qd6 {was my
main preparation, keeping the queen in the center to prepare ...e5.} 8. Nc3 {
White intends the very strong Nb5 and c4.} (8. c4 e5 {is reasonable for Black.}
) 8... e5 9. Nb5 $1 Qd8 (9... Qb8 10. Bg5 $16 {threatening Bxf6 and the
d5-pawn is weak.}) 10. c4 $1 d4 {Analysis Diagram [#] Critical Position} 11.
Nxe5 $8 {[%mdl 64] White sacrifices a piece for Black's strong center pawns
and gets a very large advantage, nearly winning according to the computer.}
Nxe5 (11... dxe3 12. Qxd8+ $18 {and a white Ns will fork a black R.}) 12. Qxd4
{Black can't trade queens because Ne5 hangs and there is the Nc7+ fork.} Nfd7
13. Rad1 a6 14. Nc3 $18 {White has an overwhelming position as all the pieces
are developed and Black can't get the king out of the center with ...Be7 0-0
because of f4.}) 8. c4 $1 $36 {Opening the center. White has the intiative
because of better development} e6 (8... dxc4 {is risky after Na3 or Nbd2.}) 9.
Nc3 {Putting pressure against d5 and trying to provoke ...dxc4.} (9. cxd5 Nxd5
10. Bd2 {was also tempting for me as White can play e4 if Black retreats} Bb4
11. a3 Bxd2 12. Nbxd2 O-O 13. b4 $16 {Black has issues activating the
light-square bishop.}) {[#]} 9... Bb4 $1 {The best way to develop, putting
pressure against the knight.} (9... dxc4 10. Nd2 {is very bad for Black} Ne5
11. Nce4 Nxe4 12. Nxe4 $16 {threatening Nd6+. White has more than enough
compensation for the pawn.}) 10. cxd5 exd5 11. Rc1 (11. Na4 {followed by a3
and Nd4 is also good, and something I considered.}) 11... O-O 12. Nd4 {[#] 
Opening the bishop and blockading the pawn. White has a nice position as the
isolated pawn is a weakness. Threats are a3 and Nb3.} (12. a3 {playing against
...Bxc3 followed by ...Qxa2 is a bit more precise.} Bxc3 13. Rxc3 $16) 12...
Be6 (12... Bxc3 $1 {simplifying the position is best and what I thought to be
critical.} 13. Rxc3 Qxa2 14. Nxc6 bxc6 15. Rxc6 Be6 $14 {followed by ...Rfc8.
White has a very stable long-term advantage with the bishop pair, but at least
Black has activated his pieces. I would have been very happy with this
position because the bishop on d4 will be a monster.}) 13. a3 Be7 $6 {This is
inconsistent with 9...Bb4 and blocks the e-file, so there is no more ...Re8
defense against Nxe6 fxe6 then Bh3.} (13... Bxc3 $1 {is still best. White has
the pleasant choice between Nxe6 and...} 14. Rxc3 $16 {which is what I
intended, with a clear advantage for White.}) 14. Nxe6 fxe6 15. Bh3 {[#] Black
has no good way to defend e6 while keeping the pieces coordinated. I knew the
position was very good for me.} Kf7 $2 {Not a good sign to move the king
towards the center in the middlegame.} (15... Rad8 $1 {simply giving up the
pawn is what the computer recommends as the only good option} 16. Bxe6+ Kh8 17.
Bd2 $16 {White is a clear pawn up with great chances to convert, but Black
does have good piece coordination.}) (15... d4 $2 {intending ...Rad8 doesn't
work:} 16. Bxe6+ Kh8 17. Bxd4 Rad8 18. e3 $18) (15... Nd8 $2 {is too passive}
16. Qb3 $18 {with threats of Nb5-c7 and White is dominating.}) 16. b4 Qd8 {[#]}
17. Nb5 {Opening up the rook. I had a strong idea prepared but missed how
Black can play against it.} (17. Qb3 $1 {developing the queen and intending
Rfd1 is best. Black is tied down and White can prepare the pawn break e4 by
moving the bishop from e3.}) 17... a5 $6 {A logical move to target the
queenside pawns and activate the rook, but it allows me to execute my idea.} (
17... Re8 $1 {preparing ...Bf8 to defend e6 is the only good move. Rxc6 no
longer is effective and Black can follow up with ...a5.} 18. Qd3 a5 19. bxa5
Qxa5 20. Rfd1 $16) 18. Rxc6 $1 bxc6 19. Nd4 $18 {[#] Black has no good way to
defend e6. I was very happy to get this as the only way for Black not lose
material is to keep the king in the center which is very dangerous. White is
objectively winning.} axb4 (19... Kg8 {secures the king but allows White to
win material with} 20. Nxc6 Qd6 21. Nxe7+ Qxe7 22. Bc5 Qd7 23. Bxf8 Kxf8 24.
Qd4 $18 {The position is technically winning for White after Rb1 with the
passed b-pawn.}) 20. Bxe6+ Ke8 {[#] White has many good options.} 21. Nf5 {
I was attracted to the idea of Nxg7#.} (21. Qc2 {Is also strong with axb4 and
Nf5 ideas.}) (21. axb4 $1 {is best. White threatens Qc2 attacking c6 and keeps
the option of Nxc6.} Bxb4 22. Nxc6 Qd6 {I saw this and rejected the line, not
realizing that} 23. Nd4 $18 {is winning for White as Black's king is too weak.
Nf5 and Qb3 are decisive threats; e.g.} Bc5 24. Nf5 $8 $18) 21... Qa5 {[%mdl
32832] [#] Critical Position Play for the crowd!} (21... Rf7 $1 {giving up the
exchange is best. White shouldn't accept the sacrifice, as the bishop on e6 is
a monster and worth more than Black's rook.} 22. axb4 Bxb4 23. Qd4 $1 (23.
Bxf7+ $2 Kxf7 $16) 23... Rb7 24. Rc1 {White has developed all the pieces and
Black's weak king is decisive in the long run; e.g.} Ra6 25. Nxg7+ Rxg7 26.
Qxb4 $18) 22. Qa4 {A beautiful queen sacrifice that I couldn't resist playing.
Qxc6+ is a threat and Black's queen needs to control b6 to prevent mate in 2.}
(22. Qc2 {followed by axb4 and Rb1 is also completely winning, but not as
pretty.}) 22... Qa6 {The only move.} (22... Qxa4 23. Nxg7+ Kd8 24. Bb6#) 23.
Bb6 $1 {Another appealing move. This ends the game as Black can't defend
against both Nxg7# and Qxc6+.} Rf7 (23... Qxb6 24. Qxa8+ Bd8 25. Nd6+ Ke7 26.
Nc8+ Kxe6 27. Nxb6 $18) 24. Qxc6+ Kf8 25. Bxf7 Kxf7 26. Nxe7 Kxe7 27. axb4 $18
{[#] White is two pawns up and easily winning.} Kf7 28. b5 Qa2 29. Bd4 Re8 30.
Ra1 Qxe2 31. Bxf6 {With this win I clinched 1st place with 4.5/5 points. I
felt very good about winning the tournament and was happy about my quality of
play in the final two games.} 1-0

[Event "Canadian Senior 50+"]
[Site "?"]
[Date "2023.08.05"]
[Round "3"]
[White "Findlay, Ian"]
[Black "Plotkin, Victor"]
[Result "0-1"]
[WhiteElo "2257"]
[BlackElo "2351"]
[Annotator "John Upper"]
[PlyCount "124"]
[SourceVersionDate "2024.01.27"]

{FM Victor Plotkin won the 2023 Caadian Senior (50+) with 6/7 
(+5 =2 -0). Tied for 2nd-4th with 4.5/6 were Sergey Malakhovets, and FMs Jura
Ochkoos and Ian Findlay, both of whom Victor defeated.  Victor's games didn't
make it into the databases because he preferred to play in the larger playing
room, which makes it easier to stretch your legs but does not have DGT boards.
Victor kindly sent me two of his games for the Newsletter. I picked this one
because it seems to me like a characteristic Victor Plotkin win with Black:
safe but slightly worse out of the opening, exchanges down to an endgame where
his opponent is slowly outplayed, winning when his opponent eventually fails
to find the only moves to save the game.} 1. e4 e5 2. Nf3 Nf6 3. Nxe5 {[#]} d6
({Victor also plays} 3... Nxe4 $5 {, which Nakamura recently demonstrated is
not nearly the forced loss we were told about as beginners. With best play it
is slightly worse for Black, just like this game.}) 4. Nf3 Nxe4 5. d4 d5 6. Bd3
Be7 7. O-O O-O 8. Re1 Nf6 $14 {[#] Transposing to a position from the exchange
French where Black would have the move.} 9. Nbd2 (9. Bg5 $1 Bg4 10. Nbd2 Nc6 (
10... c5 $5) 11. c3 Bh5 12. Qb3 Rb8 13. Ne5 Nxe5 14. Rxe5 $1 {threat Bxf6 and
Rxh5.} Bg6 15. Bxf6 $1 Bxf6 16. Rxd5 Qe7 17. Bxg6 hxg6 $16 {Smirin,I (2663)
-Nabaty,T (2564) ISR-ch Acre 2013 (7) 1/2-1/2}) 9... Nc6 10. c3 Re8 (10... Bg4
11. Qb3 Rb8 12. Ne5 Bh5 13. f4 Nxe5 14. fxe5 (14. dxe5 $4 Bc5+ 15. Kh1 Ng4 $19)
14... Ne8 15. Nf1 Bg6 16. Bxg6 $11 {Nielsen,P (2663)-Rozentalis,E (2595)
Olympiad-36 Mallorca 2004 (12) 1/2-1/2}) 11. Nf1 h6 12. Bf4 Bf8 $14 {[#]
White's a little better, with more active minors and the chance to creates
some kingside pressure, maybe with a QB battery on c3-h7.} 13. Ng3 (13. Rxe8 $5
Nxe8 14. Bc2 $14) 13... Rxe1+ 14. Qxe1 Be6 15. Qd2 Bg4 16. Ne5 Nxe5 17. Bxe5
Be6 18. Qf4 Ne8 19. Re1 Qg5 $1 20. h3 Qxf4 21. Bxf4 Nd6 {[#] With Qs off and
the e-file secured, Black has no weaknesses and no problems.} 22. Bc1 Bd7 23.
Re5 c6 $11 24. Kf1 b5 25. Re2 Rb8 26. Bf4 b4 {[#] Forcing White to choose his
structure:} 27. c4 $5 (27. Nf5 Bxf5 28. Bxf5 $13) (27. cxb4 Rxb4 28. Bxd6 Bxd6
29. Bf5 $13) 27... dxc4 28. Bxc4 Rd8 29. Bxd6 Bxd6 $11 30. Ne4 Bf8 31. Rd2 Bf5
32. f3 {[#]The structure has changed, and Black has the B-pair; but White's
Ne4 keeps the balance, and trading it would fix the white pawns and head to an
opposite colour B ending.} Be7 (32... Bxe4 33. fxe4 c5 34. d5 Bd6 $1 $11) 33.
Ke2 Kf8 34. g4 Bc8 35. d5 (35. Ke3 $1 {shows why computers are so hard to beat:
it finds the tricky resource on move 39:} f5 36. Nc5 f4+ 37. Ke2 $8 Bf6 38. b3
Rxd4 39. Be6 $1 Rxd2+ $8 40. Kxd2 $11 {and White gets the pawn back or an
easily drawn opposite B ending.}) 35... cxd5 36. Rxd5 Rxd5 37. Bxd5 {[#] With
the B-pair and pawns on both sides, Black can realistically play for the win.
This would be a draw with best play, but White's drawing margin continues to
get narrower.} f5 38. Nf2 Bf6 39. Nd3 a5 40. b3 Ke7 41. Ke3 Kd6 42. Bc4 fxg4
43. hxg4 Bg5+ 44. f4 Bd8 45. Ne5 $1 Bf6 46. Nf7+ $1 Kc5 47. g5 $8 $11 hxg5 48.
fxg5 Bb2 49. Ke4 $1 $11 g6 {[%mdl 64] [#]Critical Position Ne5 or something
else?} 50. Ne5 $4 (50. Bd3 $142 $1 $11 {looks weird -- which makes it hard to
find -- but targets the g6 pawn and prevents ...Bf5-b1:} Bd4 {threatens ...
Bf5+ winning, but} (50... Be6 51. Nd8 $11) (50... Bf5+ 51. Ke3 Bc1+ 52. Ke2
Bg4+ 53. Ke1 Bh5 54. Be2 $11) 51. Nd6 $3 Bf5+ $8 52. Nxf5 gxf5+ 53. Kxf5 Kd6
$11) 50... Bf5+ 51. Kf4 Bc1+ $2 {Black's only mistake in the game, allowing
White a chance at a draw.} (51... Bxe5+ $142 $19 52. Kxe5 Bb1 53. Kf6 Bxa2 54.
Kxg6 a4 55. Kf6 Bxb3 $19 {Black wins the QP v Q ending.}) 52. Kf3 Bxg5 53. Bf7
$8 {[#]} Bb1 ({Another line showing the computer finding a study-like idea:} 
53... Kd4 $1 54. Nc6+ (54. Nxg6 Bb1 $19 {White's pieces are all misplaced for
a fight on the queenside.}) 54... Kd3 {threat ...Be4+} 55. Nxa5 Bc1 56. Nc4 Kd4
$17 {the Nc4 is dominated and Black can push the g-pawn.}) 54. Bxg6 $8 {
White can still draw, but the variations show the tightrope of only moves he
has to walk to get there.} Bxg6 (54... Bxa2 55. Bf7 $8 (55. Bc2 $2 Kd4 $8 56.
Nc6+ Kc3 57. Bd1 Bxb3 $19) 55... Kd4 (55... Bf6 56. Nd7+ $8 Kd6 57. Nxf6 Ke7
$11) (55... Bd8 56. Ke4 a4 57. bxa4 (57. Nd3+ $11) 57... Bxf7 58. Nxf7 b3 59.
Ne5 $11) (55... a4 56. bxa4 $8 Bxf7 57. Nxf7 $8 b3 (57... Bf6 58. Ke2 $11) 58.
Nxg5 $8 b2 59. Ne4+ $8 Kb4 60. Nd2 $8 $11) 56. Nc6+ $8 $11 Kc3 57. Nxa5 Bd8 58.
Nc6 $11 {and Nxb4.}) 55. Nxg6 Kd4 {[#] I put the game up to here into chess.
com's Analysis service; here it what it said: "That game was pretty
competitive. White played a bit better than Black in the opening. It was an
incredible middlegame by both players. Both players had a nice endgame." and
it offered the following evaluations of the players moves: White: 93% accuracy,
2550 rating Black: 92.4% accuracy, 2500 rating.  But chess is brutal, and
matching or outplaying your opponent for 55 moves is not enough if the game
lasts longer, which this game did...} 56. Kg4 $4 (56. Ke2 $11 Kc3 57. Ne5 Bd8
58. Nc4 Kc2 59. Ke3 (59. a3 $2 bxa3 $8 $19) 59... Kb1 60. Kd3 Kxa2 61. Kc2 a4 (
61... Bc7 62. Nb2 $11 {blockades the light squares.}) 62. bxa4 b3+ 63. Kc1 Ba5
64. Kd1 $11 {there's no way to dislodge the Nc4.}) ({Absurdly, White also
draws with} 56. Nh8 $5 Kc3 57. Nf7 Kb2 58. Nxg5 Kxa2 59. Ke3 Kxb3 60. Ne4 a4
61. Nc5+ Ka3 62. Kd2 b3 63. Kc1 $11 {and N takes one of the pawns.}) 56... Bd8
$8 $19 57. Kf5 Kc3 58. Ke4 Kb2 59. Kd3 Kxa2 60. Kc4 {[#]} a4 $1 61. Ne5 a3 (
61... axb3 62. Nd3 Ka3 $8 $19) 62. Nc6 Be7 0-1

[Event "Canadian Senior 50+"]
[Site "Etobicoke CAN"]
[Date "2023.08.07"]
[Round "7.8"]
[White "Haessel, Dale"]
[Black "Findlay, Ian"]
[Result "0-1"]
[WhiteElo "2203"]
[BlackElo "2257"]
[Annotator "John Upper"]
[PlyCount "78"]
[EventDate "2023.08.04"]
[EventType "swiss"]
[EventRounds "7"]
[EventCountry "CAN"]
[SourceVersionDate "2024.01.27"]

1. d4 Nf6 2. c4 e6 3. Nc3 Bb4 4. f3 d5 5. a3 Bxc3+
6. bxc3 c5 7. cxd5 exd5 8. e3 O-O 9. Bd3 b6 10. Ne2 Ba6 11. Bxa6 Nxa6 12. O-O
Re8 13. Ng3 {[#] A classic Nimzo-Indian middlegame: White plays to expand in
the center, Black hopes his Ns will be able to use the resulting holes.} Nb8 $2
{This unprotects the Ra8, and gives White the tactics necessary to break in
the center immediately.} (13... Nc7 $142 14. Ra2 (14. Qd3 Qd7 15. a4 Ne6 16.
Bd2 Rac8 17. Rfb1 cxd4 18. cxd4 Rc4 19. Qb3 h5 $1 $13 {Radjabov,T (2723)
-Inarkiev,E (2658) Moscow Chess Stars 3.0 Rapid 2023 (8) 1-0}) 14... Nb5 15.
Qd3 Nd6 16. Re2 Qd7 17. e4 Qb5 $8 $11 18. Qxb5 Nxb5 19. Bb2 Nd6 20. e5 Nc4 $8
21. exf6 Rxe2 22. Nxe2 Nxb2 $11 {Jones,G (2625)-Wojtaszek,R (2727) Gibraltar
Masters 14th 2016 (5) 1/2-1/2}) 14. Ra2 ({Three IMs and one GM have had this
position as White, but none found the crushing attack after:} 14. e4 $3 $146 {
[%mdl 576]} dxe4 15. fxe4 $16 Nxe4 {Analysis Diagram  [#] The following isn't
a complete analysis, but shows White's hardest-to-see tactics:} 16. Nf5 $1 {
threat: Qg4+-.} (16. Nxe4 $2 Rxe4 17. Qf3 Qd5 $1 $15) 16... Nf6 (16... Qf6 $2
17. Nh6+ $18) 17. Qf3 {Tempo on a8.} Nbd7 18. Bh6 $1 g6 (18... gxh6 $2 19. Qg3+
Ng4 20. Qxg4+ Qg5 21. Nxh6+ $18) 19. Ne3 {threat: Nd5 or Ng4.} Qe7 (19... cxd4
20. Ng4 $18) (19... Kh8 20. Bg5 $18) 20. Nd5 $8 Nxd5 21. Rae1 $8 $18) 14... Nc6
15. Re2 Qd7 16. Bb2 Rad8 17. Qd3 {[#] White has his d- and his e-pawn well
protected and is ready for the advance e4.} b5 (17... h5 $1 {"A typical idea
in this kind of position and in general against the knight on g3. It is not so
clear how to react to the black kicker."} 18. Ree1 h4 19. Nh1 h3 20. g4 Nh7 $1
{"While preparing this line I was very delighted to see this idea, which not
only allows Black to stop the march of White's pawns, but also to establish
firm control on the kingside." - Bologan, MegaBase.} 21. Ng3 Ng5 22. Kh1 Na5
$15 {Eljanov,P (2732)-Bologan,V (2655) Poikovsky Karpov 15th 2014 (5) 0-1}) 18.
Ree1 (18. Qxb5 $4 Nxd4 $19 {Black wins the exchange with the intermediate ...
Nxe2 check.}) 18... Na5 19. Rd1 Nc4 20. Bc1 Qc6 21. Rfe1 Nd6 {[#] Black could
hardly be better set against e3-e4.} 22. Nf5 Nxf5 23. Qxf5 a5 24. g4 {Playing
to dislodge the N and push e4. This is consistent but risky, since it exposes
his K.} Re6 25. g5 Ne8 26. e4 cxd4 27. cxd4 g6 $1 28. Qf4 Nd6 29. exd5 Qxd5 30.
Rxe6 {[#]} fxe6 $8 $19 (30... Qxe6 $2 31. d5 $13 (31. Qf6 $13)) 31. Re1 Nc4 {
Keeping White off e5.} 32. Re4 Rf8 $1 (32... e5 $3 33. dxe5 Qd1+ 34. Kf2 Rf8 $8
$19) 33. Qg4 Rf5 {[#] Black's pieces nimbly restrict White's majors while
creating new threats. Notice how 8 of Black's 9 pieces are on light squares,
where they can't be touched by White's B, which is also blocked by its own
pawns.} 34. Qg3 Nd6 35. Rf4 e5 $1 (35... Rxg5 {also wins:} 36. Rf8+ Kxf8 37.
Bxg5 Qxd4+ $19) 36. Rg4 (36. Rxf5 Qxd4+ $8 $19) 36... exd4 37. Bb2 {[%mdl 64] 
[#] Critical Position Can Black save his d-pawn?} d3 $1 (37... Rxf3 {also wins,
but the game line is much prettier.}) 38. Rd4 Qxd4+ $3 39. Bxd4 d2 {The Bd4
prevents Qxd6 from guarding the promotion square! A really excellent game by
Black, who won despite White making no serious mistakes.} 0-1